Statistics for Airlines That Serve Baltimore (BWI)

Click here to take the quiz!

General Stats

  • This quiz has been taken 23 times
  • The average score is 12 of 20

Answer Stats

CountryAnswer% Correct
USAAmerican Airlines
94%
USADelta Air Lines
88%
USASouthwest Airlines
88%
USASpirit Airlines
88%
USAUnited Airlines
88%
USAAllegiant Air
76%
USAFrontier Airlines
76%
USAJetBlue
76%
USADelta Connection
65%
USAAlaska Airlines
59%
USAAmerican Eagle
59%
USAUnited Express
59%
UKBritish Airways
53%
GermanyCondor
53%
CanadaAir Canada Express
41%
USAContour Airlines
35%
USASun Country Airlines
35%
USABoutique Air
29%
USARegional Sky
6%
USASouthern Airways Express
6%

Score Distribution

Percentile by Number Answered

Percent of People with Each Score

Your Score History

You have not taken this quiz